[Event "Prague op"]
[Site "Prague"]
[Date "2025.03.03"]
[Round "5"]
[White "Klek, Hanna Marie"]
[Black "Sasikiran, Krishnan"]
[Result "1/2-1/2"]
[WhiteElo "2289"]
[BlackElo "2548"]
[PlyCount "129"]
[EventDate "2025.02.27"]
[EventType "swiss"]
[EventRounds "9"]
[EventCountry "CZE"]
[SourceTitle "CB11_2025"]
[SourceDate "2025.03.12"]
[SourceVersion "1"]
[SourceVersionDate "2025.03.12"]
[SourceQuality "1"]

1. e4 c5 2. Nf3 d6 3. d4 cxd4 4. Nxd4 Nf6 5. Nc3 a6 6. Be3 g6 7. f3 h5 8. Bc4 Bg7 9. Qd2 Nbd7 10. a4 Qc7 11. Ba2 b6 12. 0-0-0 Bb7 13. h3 h4 14. Kb1 Ne5 15. Qe2 Rc8 16. Rhe1 Nc4 17. Bc1 Rh5 18. b3 Ne5 19. Bb2 Ned7 20. f4 Rc5 21. Nd5 Qd8 22. c4 Kf8 23. b4 R5c7 24. e5 dxe5 25. fxe5 Nxd5 26. cxd5 Nxe5 27. Ne6+ fxe6 28. Bxe5 exd5 29. Rf1+ Bf6 30. Bxf6 exf6 31. Qe6 Rc6 32. Qg4 f5 33. Bxd5 Qf6 34. Bxc6 Bxc6 35. Qd4 Kg7 36. Qxf6+ Kxf6 37. Rf2 Ke5 38. Kb2 Bxa4 39. Re2+ Kf4 40. Rd4+ Kg5 41. Rd6 Rc6 42. Ree6 Rxd6 43. Rxd6 a5 44. Rxb6 axb4 45. Kc1 Bb3 46. Rb5 Bc4 47. Rxb4 Bd5 48. Kd2 Bxg2 49. Rb3 Kf4 50. Ke2 Bd5 51. Ra3 g5 52. Kf2 g4 53. hxg4 fxg4 54. Ra4+ Be4 55. Kg1 g3 56. Ra2 h3 57. Rb2 Bd3 58. Ra2 Ke3 59. Rb2 Kf3 60. Ra2 Be2 61. Ra3+ Kf4 62. Ra4+ Ke3 63. Rh4 h2+ 64. Rxh2 gxh2+ 65. Kxh2 1/2-1/2

[Event "Prague op"]
[Site "Prague"]
[Date "2025.03.01"]
[Round "3"]
[White "Kistrup, Nicolai"]
[Black "Sasikiran, Krishnan"]
[Result "1/2-1/2"]
[WhiteElo "2374"]
[BlackElo "2548"]
[PlyCount "56"]
[EventDate "2025.02.27"]
[EventType "swiss"]
[EventRounds "9"]
[EventCountry "CZE"]
[SourceTitle "CB11_2025"]
[SourceDate "2025.03.12"]
[SourceVersion "1"]
[SourceVersionDate "2025.03.12"]
[SourceQuality "1"]

1. e4 c6 2. Nc3 d5 3. Nf3 g6 4. d4 Bg7 5. h3 dxe4 6. Nxe4 Nf6 7. Nxf6+ exf6 8. Bc4 0-0 9. 0-0 Nd7 10. Bf4 Nb6 11. Bb3 a5 12. a4 Nd5 13. Bh2 Bh6 14. Re1 Re8 15. Rxe8+ Qxe8 16. Qe1 Be6 17. Nd2 f5 18. Nc4 Qd8 19. Nd6 b6 20. Rd1 Bf8 21. Nc4 b5 22. Ne5 Qb6 23. axb5 cxb5 24. Nd7 Bxd7 25. Bxd5 Re8 26. Qd2 Bd6 27. Bf4 a4 28. Bf3 b4 1/2-1/2

[Event "Prague op"]
[Site "Prague"]
[Date "2025.02.27"]
[Round "1"]
[White "Dzoba, Demian"]
[Black "Sasikiran, Krishnan"]
[Result "0-1"]
[WhiteElo "2002"]
[BlackElo "2548"]
[PlyCount "76"]
[EventDate "2025.02.27"]
[EventType "swiss"]
[EventRounds "9"]
[EventCountry "CZE"]
[SourceTitle "CB11_2025"]
[SourceDate "2025.03.12"]
[SourceVersion "1"]
[SourceVersionDate "2025.03.12"]
[SourceQuality "1"]

1. d4 Nf6 2. c4 e6 3. Nf3 b6 4. g3 Ba6 5. Qa4 Bb7 6. Bg2 Be7 7. Nc3 0-0 8. 0-0 Ne4 9. Qc2 Nxc3 10. Qxc3 d6 11. b3 Nd7 12. Bb2 a5 13. Qc2 f5 14. Nd2 Bxg2 15. Kxg2 c5 16. e4 cxd4 17. Bxd4 f4 18. f3 Bf6 19. Qc3 Be5 20. Bxe5 Nxe5 21. Rf2 Qf6 22. Rd1 h5 23. Nf1 h4 24. gxf4 Qxf4 25. h3 Rf6 26. Qe3 Rg6+ 27. Kh1 Rf8 28. Qxf4 Rxf4 29. Nh2 Rg3 30. Rxd6 Rxh3 31. Rxe6 Rfxf3 32. Rxf3 Nxf3 33. Kg2 Rg3+ 34. Kf2 Nxh2 35. Rxb6 Ng4+ 36. Kf1 h3 37. Rb8+ Kh7 38. Rb5 Kg6 0-1

[Event "Fagernes Autumn op"]
[Site "Fagernes"]
[Date "2024.10.09"]
[Round "5"]
[White "Sasikiran, Krishnan"]
[Black "Bhagat, Kush"]
[Result "1/2-1/2"]
[WhiteElo "2571"]
[BlackElo "2245"]
[PlyCount "133"]
[EventDate "2024.10.06"]
[EventType "swiss"]
[EventRounds "9"]
[EventCountry "NOR"]
[SourceTitle "CB42_2024"]
[Source "ChessBase"]
[SourceDate "2024.10.16"]
[SourceVersion "1"]
[SourceVersionDate "2024.10.16"]
[SourceQuality "1"]

1. d4 Nf6 2. c4 g6 3. g3 Bg7 4. Bg2 0-0 5. Nc3 d6 6. Nf3 Nc6 7. d5 Na5 8. b3 c5 9. Bb2 a6 10. 0-0 Bd7 11. Nd2 b5 12. Qc2 Rb8 13. Rab1 Qc7 14. Nd1 bxc4 15. bxc4 h5 16. Ne3 h4 17. Bc3 h3 18. Bh1 Nh5 19. Bf3 Bxc3 20. Qxc3 Ng7 21. Be4 Rb7 22. f4 f5 23. Bd3 Rfb8 24. g4 Rxb1 25. Rxb1 Rxb1+ 26. Bxb1 Qb6 27. a3 Nb7 28. Bc2 Qa5 29. Qxa5 Nxa5 30. Kf2 e5 31. dxe6 Bxe6 32. Kg3 Kf7 33. gxf5 gxf5 34. Kh4 Nc6 35. Nf3 Kf6 36. Bd3 Ne7 37. Kxh3 Nh5 38. Ng2 d5 39. Ne5 dxc4 40. Bxc4 Bxc4 41. Nxc4 Ng6 42. e4 Ngxf4+ 43. Nxf4 Nxf4+ 44. Kg3 Ng6 45. exf5 Kxf5 46. Kf3 Nh4+ 47. Ke3 Ng2+ 48. Kd3 Nf4+ 49. Kc3 Ne2+ 50. Kd2 Nd4 51. Kd3 Nf3 52. h3 Kf4 53. Na5 Ne5+ 54. Kc3 Kg3 55. Nb7 Kxh3 56. Nxc5 Kg4 57. Kd4 Kf5 58. Kd5 a5 59. a4 Kf6 60. Ne4+ Kf5 61. Nd6+ Kf6 62. Kd4 Ke6 63. Nb7 Nd7 64. Nxa5 Nb6 65. Nb7 Nxa4 66. Nc5+ Kd6 67. Nxa4 1/2-1/2

[Event "Fagernes Autumn op"]
[Site "Fagernes"]
[Date "2024.10.08"]
[Round "3"]
[White "Sasikiran, Krishnan"]
[Black "Doshi, Moksh Amitbhai"]
[Result "1/2-1/2"]
[WhiteElo "2571"]
[BlackElo "2377"]
[PlyCount "60"]
[EventDate "2024.10.06"]
[EventType "swiss"]
[EventRounds "9"]
[EventCountry "NOR"]
[SourceTitle "CB42_2024"]
[Source "ChessBase"]
[SourceDate "2024.10.16"]
[SourceVersion "1"]
[SourceVersionDate "2024.10.16"]
[SourceQuality "1"]

1. e4 e5 2. Nf3 Nc6 3. Bb5 a6 4. Ba4 Nf6 5. 0-0 Be7 6. Re1 b5 7. Bb3 0-0 8. a4 Rb8 9. d3 d6 10. Nbd2 Na5 11. Ba2 c5 12. h3 h6 13. Nf1 Re8 14. Ne3 Bf8 15. Nh2 Nc6 16. Nhg4 Nxg4 17. hxg4 Be6 18. c3 b4 19. Bc4 Bxc4 20. dxc4 bxc3 21. bxc3 Qd7 22. a5 Be7 23. Nf5 Bd8 24. Re3 Nxa5 25. g5 Nb3 26. gxh6 g6 27. Rb1 gxf5 28. exf5 Qxf5 29. Rxb3 Rxb3 30. Qxb3 Kh8 1/2-1/2

[Event "Fagernes Autumn op"]
[Site "Fagernes"]
[Date "2024.10.07"]
[Round "2"]
[White "Kanyamarala, Tarun"]
[Black "Sasikiran, Krishnan"]
[Result "0-1"]
[WhiteElo "2369"]
[BlackElo "2571"]
[PlyCount "78"]
[EventDate "2024.10.06"]
[EventType "swiss"]
[EventRounds "9"]
[EventCountry "NOR"]
[SourceTitle "CB42_2024"]
[Source "ChessBase"]
[SourceDate "2024.10.16"]
[SourceVersion "1"]
[SourceVersionDate "2024.10.16"]
[SourceQuality "1"]

1. d4 Nf6 2. c4 e6 3. Nc3 Bb4 4. e3 0-0 5. Bd2 d5 6. Nf3 b6 7. cxd5 exd5 8. Bd3 Bd6 9. 0-0 Re8 10. Qc2 Ba6 11. Bxa6 Nxa6 12. Nb5 Bf8 13. Rac1 c5 14. Qa4 Nc7 15. Nxc7 Qxc7 16. dxc5 bxc5 17. Bc3 Ne4 18. Rfd1 Qb7 19. Nd2 Ng5 20. Qg4 Ne6 21. Nf3 Rad8 22. b3 Rd6 23. Qh5 d4 24. Bd2 Red8 25. exd4 g6 26. Qe5 Nxd4 27. Nxd4 Rxd4 28. Qe3 Rd3 29. Qe2 Qd5 30. Rc2 Bh6 31. f4 c4 32. bxc4 Qd4+ 33. Qf2 Bxf4 34. Qxd4 R8xd4 35. Kf2 Rxd2+ 36. Rdxd2 Rxd2+ 37. Rxd2 Bxd2 38. Ke2 Bb4 39. Kd3 Kf8 0-1

[Event "Fagernes Autumn op"]
[Site "Fagernes"]
[Date "2024.10.06"]
[Round "1"]
[White "Sasikiran, Krishnan"]
[Black "Skotheim, Andreas"]
[Result "1/2-1/2"]
[WhiteElo "2571"]
[BlackElo "2234"]
[PlyCount "55"]
[EventDate "2024.10.06"]
[EventType "swiss"]
[EventRounds "9"]
[EventCountry "NOR"]
[SourceTitle "CB42_2024"]
[Source "ChessBase"]
[SourceDate "2024.10.16"]
[SourceVersion "1"]
[SourceVersionDate "2024.10.16"]
[SourceQuality "1"]

1. e4 e5 2. Nf3 Nc6 3. Bb5 a6 4. Ba4 Nf6 5. 0-0 d6 6. Re1 Bd7 7. c3 g6 8. d4 Bg7 9. h3 0-0 10. Bc2 Nh5 11. a4 Qe8 12. a5 Kh8 13. Ra3 f5 14. Nbd2 Rd8 15. b4 Nf4 16. d5 Ne7 17. c4 Ng8 18. Nf1 Bh6 19. Ng3 Qf7 20. Bb2 Rde8 21. Ba4 Nf6 22. Bxd7 Qxd7 23. exf5 gxf5 24. Nh4 Ng8 25. Ne2 Ng6 26. Nxg6+ hxg6 27. f4 Kh7 28. fxe5 1/2-1/2

[Event "Dortmund Sparkassen op-A 51st"]
[Site "Dortmund"]
[Date "2024.08.16"]
[Round "7"]
[White "Buksa, Nataliya"]
[Black "Sasikiran, Krishnan"]
[Result "0-1"]
[WhiteElo "2396"]
[BlackElo "2579"]
[PlyCount "78"]
[EventDate "2024.08.10"]
[EventType "swiss"]
[EventRounds "9"]
[EventCountry "GER"]
[SourceTitle "CBM 221 Extra"]
[Source "ChessBase"]
[SourceDate "2024.09.30"]
[SourceVersion "1"]
[SourceVersionDate "2024.09.30"]
[SourceQuality "1"]

1. e4 c5 2. Nf3 d6 3. d4 cxd4 4. Nxd4 Nf6 5. Nc3 a6 6. Be3 e5 7. Nb3 Be7 8. f3 Be6 9. Qd2 h5 10. Nd5 Nxd5 11. exd5 Bf5 12. Be2 Bh4+ 13. g3 Be7 14. Na5 b6 15. Nc4 Nd7 16. a4 Rc8 17. Qb4 0-0 18. c3 Rb8 19. a5 b5 20. Nb6 Bg5 21. Bxg5 Qxg5 22. Nxd7 Bxd7 23. Qxd6 Bh3 24. Kf2 Rbd8 25. Qb6 e4 26. Rhd1 Rfe8 27. Qd4 Qf5 28. f4 e3+ 29. Ke1 Bg2 30. c4 bxc4 31. Ra3 Rxd5 32. Rxe3 Rb8 33. Qxc4 Rxd1+ 34. Bxd1 Qxa5+ 35. Rc3 Bh3 36. b3 Rc8 37. b4 Rxc4 38. Rxc4 Qb6 39. g4 Qe3+ 0-1

[Event "Dortmund Sparkassen op-A 51st"]
[Site "Dortmund"]
[Date "2024.08.14"]
[Round "5"]
[White "Peyrer, Konstantin"]
[Black "Sasikiran, Krishnan"]
[Result "1/2-1/2"]
[WhiteElo "2425"]
[BlackElo "2579"]
[PlyCount "68"]
[EventDate "2024.08.10"]
[EventType "swiss"]
[EventRounds "9"]
[EventCountry "GER"]
[SourceTitle "CBM 221 Extra"]
[Source "ChessBase"]
[SourceDate "2024.09.30"]
[SourceVersion "1"]
[SourceVersionDate "2024.09.30"]
[SourceQuality "1"]

1. d4 g6 2. c4 Bg7 3. Nc3 d6 4. e4 Nf6 5. h3 e5 6. dxe5 dxe5 7. Qxd8+ Kxd8 8. Be3 Be6 9. Nf3 Nc6 10. 0-0-0+ Nd7 11. Ng5 Nd4 12. f4 c5 13. fxe5 Nxe5 14. Nb5 Nec6 15. Nf3 Ke7 16. Nfxd4 Nxd4 17. Nxd4 cxd4 18. Bxd4 Bxd4 19. Rxd4 Rhd8 20. Rxd8 Rxd8 21. Be2 Rc8 22. Kd2 Bxc4 23. Rc1 Be6 24. Rxc8 Bxc8 25. Bc4 f6 26. Ke3 g5 27. Be2 Be6 28. a3 Kd6 29. Kd4 b6 30. b4 Bd7 31. Bd1 h6 32. Be2 Be6 33. Bd1 Bd7 34. Be2 Be6 1/2-1/2

[Event "Dortmund Sparkassen op-A 51st"]
[Site "Dortmund"]
[Date "2024.08.13"]
[Round "4"]
[White "Sasikiran, Krishnan"]
[Black "Petrovskiy, Vadim"]
[Result "1/2-1/2"]
[WhiteElo "2579"]
[BlackElo "2440"]
[PlyCount "129"]
[EventDate "2024.08.10"]
[EventType "swiss"]
[EventRounds "9"]
[EventCountry "GER"]
[SourceTitle "CBM 221 Extra"]
[Source "ChessBase"]
[SourceDate "2024.09.30"]
[SourceVersion "1"]
[SourceVersionDate "2024.09.30"]
[SourceQuality "1"]

1. d4 Nf6 2. c4 e6 3. Nf3 d5 4. g3 Be7 5. Bg2 0-0 6. 0-0 dxc4 7. Qc2 b5 8. a4 Bb7 9. axb5 a6 10. Nc3 axb5 11. Rxa8 Bxa8 12. Nxb5 Bd5 13. Nc3 Bxf3 14. Bxf3 Qxd4 15. Be3 Qe5 16. Rd1 Nbd7 17. Qa4 Nb6 18. Qc6 Nbd5 19. Bd4 Qd6 20. Nxd5 exd5 21. Qxd6 Bxd6 22. Bxf6 gxf6 23. Bxd5 Rb8 24. Rd2 Rb4 25. f4 Bc5+ 26. Kg2 Be3 27. Rc2 Bd4 28. Bxc4 Rxb2 29. Rc1 Bc5 30. Kf3 Bd6 31. Ra1 Rb8 32. Ra5 Kg7 33. Bd3 h6 34. Kg4 Re8 35. Rb5 Ra8 36. Be4 Ra4 37. Bd3 Rb4 38. Ra5 Rb8 39. Ra6 Re8 40. Ra4 Rb8 41. Kf5 Re8 42. Ra5 Rb8 43. Ra2 Rd8 44. Rb2 Ra8 45. Kg4 Re8 46. Kf3 Ra8 47. Be4 Ra3+ 48. Bd3 Ra8 49. Rb5 Be7 50. Be4 Ra3+ 51. Kg4 Ra4 52. Bd3 Rb4 53. Ra5 Rb8 54. Ra7 Bd6 55. Kf5 Rd8 56. Rb7 Ra8 57. Rb5 Be7 58. h4 Bd6 59. h5 Rc8 60. Bc4 Re8 61. e4 Ra8 62. Bd5 Ra3 63. Kg4 Ra7 64. Bb3 Ra6 65. Rb8 1/2-1/2

[Event "Dortmund Sparkassen op-A 51st"]
[Site "Dortmund"]
[Date "2024.08.10"]
[Round "1"]
[White "Kruse, Victor"]
[Black "Sasikiran, Krishnan"]
[Result "0-1"]
[WhiteElo "2063"]
[BlackElo "2579"]
[PlyCount "60"]
[EventDate "2024.08.10"]
[EventType "swiss"]
[EventRounds "9"]
[EventCountry "GER"]
[SourceTitle "CBM 221 Extra"]
[Source "ChessBase"]
[SourceDate "2024.09.30"]
[SourceVersion "1"]
[SourceVersionDate "2024.09.30"]
[SourceQuality "1"]

1. d4 Nf6 2. c4 e6 3. Nf3 b6 4. g3 Ba6 5. b3 Bb4+ 6. Bd2 Be7 7. Nc3 d5 8. cxd5 exd5 9. Bg2 0-0 10. 0-0 Nbd7 11. a3 c5 12. Qc2 Rc8 13. Qb2 Re8 14. Rfe1 Nf8 15. b4 Ne6 16. dxc5 bxc5 17. Ne5 Bd6 18. Nf3 d4 19. Na4 Rb8 20. Ng5 Nxg5 21. Bxg5 h6 22. Bf4 cxb4 23. Qxd4 Bxf4 24. Qxf4 b3 25. Nc5 Bxe2 26. Rab1 b2 27. Nb7 Rxb7 28. Bxb7 Bd3 29. Red1 Bxb1 30. Rxb1 Qd3 0-1

[Event "Biel HTO 57th"]
[Site "Biel"]
[Date "2024.07.19"]
[Round "5"]
[White "Madaminov, Mukhiddin"]
[Black "Sasikiran, Krishnan"]
[Result "1/2-1/2"]
[WhiteElo "2512"]
[BlackElo "2581"]
[PlyCount "126"]
[EventDate "2024.07.15"]
[EventType "swiss"]
[EventRounds "10"]
[EventCountry "SUI"]
[SourceTitle "CBM 221"]
[Source "ChessBase"]
[SourceDate "2024.08.31"]
[SourceVersion "1"]
[SourceVersionDate "2024.08.31"]
[SourceQuality "1"]

1. e4 c5 2. Nf3 d6 3. Bb5+ Nd7 4. 0-0 a6 5. Bd3 Ngf6 6. Re1 g6 7. c3 Bg7 8. Bc2 c4 9. b3 b5 10. bxc4 bxc4 11. Na3 Nb6 12. Qe2 Bg4 13. Nxc4 Bxf3 14. gxf3 Nxc4 15. Ba4+ Nd7 16. Qxc4 0-0 17. Bxd7 Qxd7 18. d4 Rfc8 19. Qd3 Qb5 20. Qxb5 axb5 21. Bb2 Ra4 22. a3 e5 23. Red1 h5 24. Kg2 h4 25. Rd2 Bh6 26. Re2 Bf4 27. h3 Kf8 28. Rb1 Ke7 29. dxe5 dxe5 30. Rd1 Rd8 31. Ree1 Bd2 32. Re2 Bf4 33. Rxd8 Kxd8 34. Re1 Kc7 35. Rd1 f5 36. exf5 gxf5 37. Rd5 Kc6 38. Rd8 Ra7 39. Kf1 Rg7 40. Rc8+ Kb7 41. Rd8 Kc6 42. Rc8+ Kd5 43. a4 bxa4 44. c4+ Ke6 45. Rc6+ Kf7 46. Ra6 Rg8 47. Rxa4 Rb8 48. Ba3 Rb3 49. Kg2 Rc3 50. c5 Rc2 51. Kf1 Ke6 52. Ra6+ Kd5 53. Rf6 Rc3 54. Bb4 Rc1+ 55. Kg2 Kc4 56. Ba5 Kb5 57. Bd8 Rc2 58. Rb6+ Kxc5 59. Rb7 Kd5 60. Bxh4 Be3 61. Rd7+ Ke6 62. Re7+ Kd5 63. Kf1 Bd4 1/2-1/2

[Event "Biel HTO 57th"]
[Site "Biel"]
[Date "2024.07.16"]
[Round "2"]
[White "Sasikiran, Krishnan"]
[Black "Rosen, Eric S"]
[Result "1-0"]
[WhiteElo "2581"]
[BlackElo "2374"]
[PlyCount "94"]
[EventDate "2024.07.15"]
[EventType "swiss"]
[EventRounds "10"]
[EventCountry "SUI"]
[SourceTitle "CBM 221"]
[Source "ChessBase"]
[SourceDate "2024.08.31"]
[SourceVersion "1"]
[SourceVersionDate "2024.08.31"]
[SourceQuality "1"]

1. e4 c5 2. Nf3 Nc6 3. d4 cxd4 4. Nxd4 g6 5. Nc3 Bg7 6. Be3 Nf6 7. Bc4 0-0 8. Bb3 d6 9. f3 Qa5 10. 0-0 Nxd4 11. Bxd4 Be6 12. Rf2 b5 13. Nd5 Bxd5 14. exd5 Nd7 15. Bxg7 Kxg7 16. Qd4+ Kg8 17. Re2 Rfe8 18. Rae1 Nc5 19. h4 Rac8 20. c3 Nxb3 21. axb3 Qc7 22. b4 Qb7 23. h5 Rc4 24. Qd2 Qb6+ 25. Re3 Rc7 26. Kh2 a5 27. bxa5 Qxa5 28. Re4 Qa7 29. hxg6 fxg6 30. Qg5 e5 31. dxe6 Rc5 32. Qe3 Rh5+ 33. Kg3 Qa2 34. Qd2 Rd5 35. Qe2 Rg5+ 36. Kf2 Rf5 37. g4 Rc5 38. e7 Rc7 39. Qxb5 Qa7+ 40. Kg2 Rexe7 41. Qd5+ Kg7 42. Qd4+ Qxd4 43. Rxe7+ Rxe7 44. Rxe7+ Kf6 45. cxd4 Kxe7 46. f4 Ke6 47. b4 Kd5 1-0

[Event "Biel Rapid op 57th"]
[Site "Biel"]
[Date "2024.07.14"]
[Round "4"]
[White "Ganerdene, Sugar"]
[Black "Sasikiran, Krishnan"]
[Result "1/2-1/2"]
[WhiteElo "2407"]
[BlackElo "2581"]
[PlyCount "150"]
[EventDate "2024.07.14"]
[EventType "swiss (rapid)"]
[EventRounds "9"]
[EventCountry "SUI"]
[SourceTitle "EXT 2025"]
[Source "ChessBase"]
[SourceDate "2024.10.14"]
[SourceVersion "1"]
[SourceVersionDate "2024.10.14"]
[SourceQuality "1"]

1. e4 e5 2. Nf3 Nc6 3. Nc3 Nf6 4. Bb5 Bb4 5. 0-0 0-0 6. d3 Bxc3 7. bxc3 d6 8. Bg5 h6 9. Bh4 Qe7 10. Re1 a6 11. Ba4 Nd8 12. d4 Ne6 13. Bg3 Ng5 14. Nxg5 hxg5 15. Bb3 Rd8 16. Qe2 Bg4 17. Qe3 Nh5 18. f3 Bd7 19. dxe5 dxe5 20. Bf2 Nf4 21. Rad1 Be6 22. g3 Nh3+ 23. Kg2 Nxf2 24. Kxf2 Rd6 25. Rxd6 cxd6 26. Rd1 Rc8 27. Rd3 Rc6 28. Ke1 g6 29. Kd2 Bc4 30. Bxc4 Rxc4 31. Qb6 Rc6 32. Qe3 Kg7 33. Rd5 f6 34. a4 Qc7 35. a5 b5 36. axb6 Rxb6 37. h4 gxh4 38. gxh4 Rc6 39. Qd3 Qb6 40. Qe2 Qg1 41. Qd3 Qf2+ 42. Qe2 Qxh4 43. Qe3 Qf4 44. Qxf4 exf4 45. c4 Kf7 46. Kd3 Ke6 47. Ra5 g5 48. Ra1 f5 49. exf5+ Kxf5 50. Ra5+ Kf6 51. Kd4 Rb6 52. Rd5 Rc6 53. Kd3 Kg6 54. Ra5 Kh5 55. Rd5 Kh4 56. Ra5 g4 57. fxg4 Kxg4 58. Ra1 Kg3 59. Rg1+ Kf2 60. Rg6 Kf3 61. c5 Rxc5 62. Rxd6 Ra5 63. c4 Ra1 64. Re6 a5 65. Kc3 Rc1+ 66. Kd3 Kf2 67. Ra6 Ra1 68. c5 f3 69. Kc2 Kg2 70. Rg6+ Kh3 71. Rf6 Kg3 72. c6 Ra4 73. Kd3 Ra1 74. Kd2 Ra4 75. Kd3 Ra1 1/2-1/2

[Event "Biel Rapid op 57th"]
[Site "Biel"]
[Date "2024.07.14"]
[Round "2"]
[White "Papaux, Steve"]
[Black "Sasikiran, Krishnan"]
[Result "0-1"]
[WhiteElo "2228"]
[BlackElo "2581"]
[PlyCount "60"]
[EventDate "2024.07.14"]
[EventType "swiss (rapid)"]
[EventRounds "9"]
[EventCountry "SUI"]
[SourceTitle "EXT 2025"]
[Source "ChessBase"]
[SourceDate "2024.10.14"]
[SourceVersion "1"]
[SourceVersionDate "2024.10.14"]
[SourceQuality "1"]

1. Nf3 d5 2. d4 Nf6 3. c4 c6 4. Nc3 e6 5. g3 Nbd7 6. Bg2 dxc4 7. a4 a5 8. 0-0 Be7 9. e4 0-0 10. Qe2 b6 11. Rd1 Ba6 12. d5 cxd5 13. exd5 exd5 14. Nxd5 Re8 15. Bh3 Bb7 16. Nxf6+ Bxf6 17. Be3 Bxf3 18. Qxf3 Ne5 19. Qb7 Qb8 20. Qxb6 Qxb6 21. Bxb6 Nd3 22. Rab1 Nxb2 23. Rd5 c3 24. Bd7 Re5 25. Rd6 Nc4 26. Rc6 Nxb6 27. Rcxb6 Rd8 28. Rb8 Rd5 29. Rxd8+ Bxd8 30. Bc6 c2 0-1

[Event "Biel Rapid op 57th"]
[Site "Biel"]
[Date "2024.07.14"]
[Round "5"]
[White "Sasikiran, Krishnan"]
[Black "Harsha, Bharathakoti"]
[Result "1/2-1/2"]
[WhiteElo "2581"]
[BlackElo "2569"]
[PlyCount "63"]
[EventDate "2024.07.14"]
[EventType "swiss (rapid)"]
[EventRounds "9"]
[EventCountry "SUI"]
[SourceTitle "EXT 2025"]
[Source "ChessBase"]
[SourceDate "2024.10.14"]
[SourceVersion "1"]
[SourceVersionDate "2024.10.14"]
[SourceQuality "1"]

1. d4 Nf6 2. c4 e6 3. Nf3 d5 4. g3 Be7 5. Bg2 0-0 6. 0-0 dxc4 7. Qc2 a6 8. a4 Bd7 9. Qxc4 Bc6 10. Bg5 a5 11. Nc3 Ra6 12. e3 Nbd7 13. Rfd1 Rb6 14. Qe2 Bd5 15. e4 Nxe4 16. Nxd5 exd5 17. Be3 c6 18. Ne5 Nd6 19. Bh3 f5 20. Re1 Nf6 21. f3 Re8 22. Qc2 Qc8 23. Bd2 Ra6 24. Re2 Ra8 25. Rae1 Bf8 26. Bg5 h6 27. Bxf6 gxf6 28. Ng6 Qd7 29. Nh4 Rxe2 30. Rxe2 Re8 31. Rxe8 Qxe8 32. Nxf5 1/2-1/2

[Event "Biel Rapid op 57th"]
[Site "Biel"]
[Date "2024.07.14"]
[Round "9"]
[White "Sasikiran, Krishnan"]
[Black "Nasybullina, Alfia"]
[Result "1-0"]
[WhiteElo "2581"]
[BlackElo "1997"]
[PlyCount "59"]
[EventDate "2024.07.14"]
[EventType "swiss (rapid)"]
[EventRounds "9"]
[EventCountry "SUI"]
[SourceTitle "EXT 2025"]
[Source "ChessBase"]
[SourceDate "2024.10.14"]
[SourceVersion "1"]
[SourceVersionDate "2024.10.14"]
[SourceQuality "1"]

1. d4 Nf6 2. c4 c5 3. d5 e6 4. Nc3 exd5 5. cxd5 d6 6. e4 g6 7. f4 Bg7 8. Bb5+ Nfd7 9. a4 0-0 10. Nf3 Nf6 11. 0-0 Bg4 12. h3 Bxf3 13. Qxf3 Nbd7 14. Be3 Qe7 15. Rfe1 a6 16. Bd3 Ne8 17. Rad1 Nc7 18. e5 f5 19. Bf2 Kh8 20. Bc4 b5 21. axb5 Nxb5 22. Nxb5 axb5 23. Bxb5 Rab8 24. exd6 Qxd6 25. Re6 Qc7 26. Bxd7 Qxd7 27. Bxc5 Rfd8 28. b4 Qa4 29. d6 Qa2 30. Qd5 1-0

[Event "Paracin op-A 17th"]
[Site "Paracin"]
[Date "2024.07.11"]
[Round "9"]
[White "Sasikiran, Krishnan"]
[Black "Fier, Alexandr"]
[Result "1/2-1/2"]
[WhiteElo "2581"]
[BlackElo "2587"]
[PlyCount "40"]
[EventDate "2024.07.03"]
[EventType "swiss"]
[EventRounds "9"]
[EventCountry "SRB"]
[SourceTitle "CBM 221 Extra"]
[Source "ChessBase"]
[SourceDate "2024.09.30"]
[SourceVersion "1"]
[SourceVersionDate "2024.09.30"]
[SourceQuality "1"]

1. d4 Nf6 2. c4 e6 3. Nf3 Bb4+ 4. Bd2 Bxd2+ 5. Qxd2 d5 6. g3 Qe7 7. Bg2 0-0 8. 0-0 dxc4 9. Na3 Rd8 10. Nxc4 c5 11. Rfd1 Na6 12. Qe3 Bd7 13. d5 Qf8 14. Ng5 exd5 15. Bxd5 Nxd5 16. Rxd5 Nb4 17. Rd6 Bc6 18. Rad1 Re8 19. Qxc5 Na6 20. Qa5 Rxe2 1/2-1/2

[Event "Paracin op-A 17th"]
[Site "Paracin"]
[Date "2024.07.04"]
[Round "2"]
[White "Filip, Andrei"]
[Black "Sasikiran, Krishnan"]
[Result "1/2-1/2"]
[WhiteElo "2325"]
[BlackElo "2581"]
[PlyCount "61"]
[EventDate "2024.07.03"]
[EventType "swiss"]
[EventRounds "9"]
[EventCountry "SRB"]
[SourceTitle "CBM 221 Extra"]
[Source "ChessBase"]
[SourceDate "2024.09.30"]
[SourceVersion "1"]
[SourceVersionDate "2024.09.30"]
[SourceQuality "1"]

1. e4 c5 2. Nf3 d6 3. d4 cxd4 4. Nxd4 Nf6 5. Nc3 a6 6. Bg5 Nbd7 7. Qe2 Qc7 8. 0-0-0 e6 9. f4 b5 10. a3 Be7 11. g4 Rb8 12. Bg2 h6 13. Bh4 g5 14. e5 dxe5 15. fxe5 gxh4 16. exf6 Nxf6 17. Nc6 h3 18. Bf3 Bb7 19. Nxb8 Qf4+ 20. Kb1 Bxf3 21. Rdf1 Bxe2 22. Rxf4 Bxg4 23. Nc6 h5 24. Rhf1 Rh6 25. Nxe7 Kxe7 26. a4 Rg6 27. axb5 axb5 28. Re1 Rg5 29. Ref1 Rg6 30. Re1 Rg5 31. Ref1 1/2-1/2

[Event "Paracin op-A 17th"]
[Site "Paracin"]
[Date "2024.07.03"]
[Round "1"]
[White "Sasikiran, Krishnan"]
[Black "Pogorelskikh, Sergey"]
[Result "1-0"]
[WhiteElo "2581"]
[BlackElo "2196"]
[PlyCount "121"]
[EventDate "2024.07.03"]
[EventType "swiss"]
[EventRounds "9"]
[EventCountry "SRB"]
[SourceTitle "CBM 221 Extra"]
[Source "ChessBase"]
[SourceDate "2024.09.30"]
[SourceVersion "1"]
[SourceVersionDate "2024.09.30"]
[SourceQuality "1"]

1. e4 c5 2. Nc3 Nc6 3. Nf3 e5 4. Bc4 Be7 5. d3 Nf6 6. Nd2 d6 7. Nf1 Nd7 8. Ne3 Nb6 9. Ned5 Nxd5 10. Nxd5 0-0 11. 0-0 Bg5 12. Qh5 Bxc1 13. Raxc1 Ne7 14. Ne3 Be6 15. f4 exf4 16. Rxf4 Ng6 17. Rf2 Qh4 18. Qxh4 Nxh4 19. Nd5 Rae8 20. b3 Ng6 21. Rcf1 Bd7 22. a4 Ne5 23. Ne3 Be6 24. h3 g6 25. Nd5 Kg7 26. Nc7 Rc8 27. Nxe6+ fxe6 28. Bxe6 Rxf2 29. Rxf2 Rf8 30. Bd5 Rxf2 31. Kxf2 b6 32. Ke3 Kf6 33. c3 g5 34. d4 Ng6 35. g3 h5 36. Bb7 h4 37. gxh4 gxh4 38. Bc8 Kg5 39. Bg4 cxd4+ 40. cxd4 Ne7 41. Bd7 Ng6 42. b4 Ne7 43. Be8 Ng8 44. a5 bxa5 45. bxa5 Ne7 46. Bb5 Ng6 47. Bd7 Ne7 48. e5 dxe5 49. dxe5 Ng6 50. Ke4 Ne7 51. a6 Ng6 52. Bg4 Ne7 53. Be2 Ng6 54. Bf3 Ne7 55. Bg4 Ng6 56. Kd5 Kf4 57. e6 Kg5 58. Kc6 Kf6 59. Kb7 Ne5 60. Kxa7 Nxg4 61. Kb7 1-0